| 000 | 00555nam a2200169 i 4500 | ||
|---|---|---|---|
| 001 | 90615 | ||
| 003 | ES-MaACL | ||
| 007 | t| | ||
| 008 | 050121s1981 sp ||||1| spa d | ||
| 100 | 1 |
_aLehninger, Albert L. _971352 |
|
| 245 | 1 | 0 |
_aCurso breve de bioquĂmica / _cAlbert L. Lehninger ; [traducido por Jorge Bozal Fes y Fernando Calvet Prats]. |
| 260 |
_aBarcelona : _bOmega, _c[1981] |
||
| 300 |
_aX, 447 p. : _bil. ; _c25 cm. |
||
| 700 | 1 |
_aBozal Fes, Jorge. _931209 |
|
| 700 | 1 |
_aCalvet Prats, Fernando. _933817 |
|
| 852 |
_aES-MaACL _jL-4608 _bR.105255 |
||
| 999 |
_c90615 _d90615 |
||